000 00442nmm a2200157Ia 4500
008 251105s9999||||xx |||||||||||||||||und||
020 _a9788496576469
041 _aspa
100 _aCaparrós Lera, José María
245 0 _aHistoria del cine español
264 _a[Madrid, España] :
_bT&B Editores,
_c2007
300 _a336 páginas
650 _aFilm studies
856 _uhttps://public.digitaliapublishing.com/a/479
942 _cCF
999 _c89974
_d89974